Cuando Brahmadatta era rey de Benarés Diez cuentos budistas de la India.

Enregistré dans:
Détails bibliographiques
Autres auteurs: Preciado Solís, Benjamín, comp., tr. y adap (autor) comp., tr. y adap, (autor), Sada, Margarita, il (autor) il, (autor)
Format: Livre
Langue:espagnol
Collection:(Libros del Rincón)
Sujets:
Tags: Ajouter un tag
Pas de tags, Soyez le premier à ajouter un tag!

MARC

LEADER 00000nam^a2200000^u^4500
001 000511051
005 20250521000000.0
008 071018s1000^^^^^^^^^^^^r^^^^^000^0^spa^d
009 20260310130139.966
022 |a 9789680116188 
035 |a FCE 000055261 
037 |a Acervo ITESO - Biblioteca 
041 |a spa 
082 0 4 |a 808.83  |b CUAn 
245 0 0 |a Cuando Brahmadatta era rey de Benarés Diez cuentos budistas de la India. 
264 |a México :  |b SEP : Alejandro Cabello Alcérreca,  |c 2007. 
300 |a 48 p. :  |b il., col. 
336 |a texto  |b txt  |2 rdacontenido 
337 |a sin mediación  |b n  |2 rdamedio 
338 |a volumen  |b nc  |2 rdasoporte 
440 1 |a (Libros del Rincón) 
649 |a XX 
650 |a Cuentos 
650 |a Colecciones 
650 |a Literatura india 
650 |a Adaptaciones 
700 |a Preciado Solís, Benjamín,  |e comp., tr. y adap  |e (autor) 
700 |a Sada, Margarita,  |e il  |e (autor) 
910 |a Fondo Centro de Estudios Educativos 
920 |a Impresos - Libros 
930 |a Fondos Especiales 
905 |a 133 
901 |a ALE010447  |b IT2  |c CEE  |u 20250521 
902 |a https://opac.biblio.iteso.mx/vufind/Record/000511051